Hindī ke ādi mudrita grantha. (Record no. 71555)
[ view plain ]
| 000 -LEADER | |
|---|---|
| fixed length control field | 00888cam a22002771 4500 |
| 001 - CONTROL NUMBER | |
| control field | sa 66007984 |
| 003 - CONTROL NUMBER IDENTIFIER | |
| control field | DLC |
| 005 - DATE AND TIME OF LATEST TRANSACTION | |
| control field | 20260227112309.0 |
| 008 - FIXED-LENGTH DATA ELEMENTS--GENERAL INFORMATION | |
| fixed length control field | 890711s1966 ii h b 000 0 hino |
| 010 ## - LIBRARY OF CONGRESS CONTROL NUMBER | |
| LC control number | sa 66007984 |
| 035 ## - SYSTEM CONTROL NUMBER | |
| System control number | (OCoLC)19993370 |
| 040 ## - CATALOGING SOURCE | |
| Original cataloging agency | DLC |
| Transcribing agency | WaU |
| Modifying agency | NRU |
| -- | DLC |
| 041 0# - LANGUAGE CODE | |
| Language code of text/sound track or separate title | hineng |
| 042 ## - AUTHENTICATION CODE | |
| Authentication code | premarc |
| 043 ## - GEOGRAPHIC AREA CODE | |
| Geographic area code | a-ii--- |
| 050 00 - LIBRARY OF CONGRESS CALL NUMBER | |
| Classification number | Z186.I4 |
| Item number | K7 |
| 100 0# - MAIN ENTRY--PERSONAL NAME | |
| Personal name | Kr̥shṇācārya, |
| Dates associated with a name | 1917- |
| 245 10 - TITLE STATEMENT | |
| Title | Hindī ke ādi mudrita grantha. |
| Statement of responsibility, etc. | [Saṅkalanakartā] Kr̥shṇācr̄ya. |
| 250 ## - EDITION STATEMENT | |
| Edition statement | [1. saṃskaraṇa. |
| 260 ## - PUBLICATION, DISTRIBUTION, ETC. | |
| Place of publication, distribution, etc. | Vārāṇasī] |
| Name of publisher, distributor, etc. | Bhāratīya Jñānapīṭha Prakāśana |
| Date of publication, distribution, etc. | [1966] |
| 300 ## - PHYSICAL DESCRIPTION | |
| Extent | 11, 55, 199, 44, 11 p. |
| Other physical details | facsims. |
| Dimensions | 22 cm. |
| 490 0# - SERIES STATEMENT | |
| Series statement | Jñānapīṭha lokodaya granthamālā, |
| Volume/sequential designation | grathāṅka 210 |
| 500 ## - GENERAL NOTE | |
| General note | English or Hindi; foreword in Hindi. |
| 504 ## - BIBLIOGRAPHY, ETC. NOTE | |
| Bibliography, etc. note | Bibliographical footnotes. |
| 650 #0 - SUBJECT ADDED ENTRY--TOPICAL TERM | |
| Topical term or geographic name entry element | Printing |
| Geographic subdivision | India |
| General subdivision | History. |
No items available.